[Event "46th Capablanca Memorial Open A"]
[Site "Havana CUB"]
[Date "2010.05.15"]
[Round "5.37"]
[White "Illas,L"]
[Black "Miranda Llanes,Y"]
[Result "1/2-1/2"]
[WhiteElo "2310"]
[BlackElo "2226"]

1.Nf3 d5 2.g3 c6 3.Bg2 Nf6 4.c4 h6 5.b3 Bf5 6.Bb2 e6 7.O-O Nbd7 8.d3 Bb4
9.Nbd2 O-O 10.a3 Ba5 11.Re1 Bg4 12.h3 Bh5 13.b4 Bc7 14.e4 dxe4 15.Nxe4 Nxe4
16.dxe4 e5 17.Qb3 g5 18.Nh2 Nf6 19.Nf1 Qe7 20.Ne3 Kh7 21.c5 Rfd8 22.g4 Bg6
23.Nc4 Qe6 24.Qc3 Rd4 25.Rac1 Rad8 26.Qc2 R4d7 27.f3 Ng8 28.Bf1 f6 29.h4 Bf7
30.h5 Ne7 31.Bc3 b5 32.Ne3 Qb3 33.Qxb3 Bxb3 34.Be2 a6 35.Kf2 Kg7 36.Bd1 Be6
37.Bc2 Bb8 38.Rcd1 Rxd1 39.Bxd1 Rd7 40.Bc2 Kf7 41.Ke2 Rd8 42.Ra1 Rd7 43.a4 Ra7
44.Nf1 Bc4+ 45.Ke3 Be6 46.Nd2 Ke8 47.Nb3 Kf7 48.Na5 Ke8 49.Bd3 Bd7 50.Be2 Kf7
51.Rd1 Ke8 52.Ra1 Kf7 53.Bd1 Be6 54.Bb3 Bxb3 55.Nxb3 Ke6 56.Nd2 Nc8 57.Nf1 Ne7
58.Kd3 Kf7 59.Ne3 Ke8 60.Kc2 Kf7 61.Rd1 Ke8  1/2-1/2

[Event "Open ch-State"]
[Site "Stuttgart GER"]
[Date "2010.05.15"]
[Round "5"]
[White "Gutman,L"]
[Black "Wiley,To"]
[Result "1-0"]
[WhiteElo "2427"]
[BlackElo "2281"]

1.Nf3 d5 2.g3 Nf6 3.Bg2 Bf5 4.O-O e6 5.d3 h6 6.c3 Be7 7.Qb3 Qc8 8.e4 Bh7
9.exd5 Nxd5 10.d4 O-O 11.c4 Nf6 12.d5 exd5 13.cxd5 c6 14.dxc6 Nxc6 15.Nc3 Bf5
16.Be3 Be6 17.Qa4 Bh3 18.Rac1 Bxg2 19.Kxg2 Qg4 20.Qb3 Qb4 21.Qxb4 Bxb4 22.Na4 Rfe8
23.a3 Bf8 24.b4 a6 25.Bc5 Re2 26.Bxf8 Kxf8 27.Nc5 b5 28.Nb3 Rb2 29.Rb1 Rxb1
30.Rxb1 Ke7 31.Rc1 Kd6 32.Nfd4 Ne7 33.Nc5 g6 34.Kf3 Nfd5 35.Nb7+ Kd7 36.h3 Nb6
37.Ke4 Ra7 38.Nc5+ Kd6 39.Rd1 Ned5 40.Kf3 Ra8 41.Ne2 Kc6 42.Nd4+ Kd6 43.Kg2 Ra7
44.Rd3 Ra8 45.f4 Ra7 46.Kf3 Ra8 47.g4 Ra7 48.h4 Ra8 49.h5 Ke7 50.Rd1 Kf6
51.hxg6 fxg6 52.Re1 Nc4 53.Re6+ Kf7 54.f5 gxf5 55.Nxf5 Nxa3 56.Nxh6+ Kg7
57.Nf5+ Kg8 58.g5 Nxb4 59.g6 Rf8 60.Kg4 Nd5 61.Kg5 Nc4 62.Rxa6 Ne5 63.Nh6+ Kh8
64.Ne6 Nxg6 65.Nxf8 Nxf8 66.Ra8 Kg7 67.Ra7+ Kh8 68.Kf5 Nh7 69.Rb7 b4 70.Ke5 Nhf6
71.Ke6 b3 72.Rxb3 Kg7 73.Nf5+ Kg6 74.Rg3+ Kh7 75.Rg7+ Kh8 76.Kf7 Nh5 77.Rg6 Ndf6
78.Rh6+ Nh7 79.Ne7 Nf4 80.Ng6+  1-0

[Event "Chladek & Tintera Open"]
[Site "Hradec Kralove CZE"]
[Date "2010.05.16"]
[Round "2"]
[White "Dosedel,J"]
[Black "Prachar,J"]
[Result "1-0"]
[WhiteElo "2138"]
[BlackElo "1910"]

1.Nf3 d5 2.g3 Nc6 3.Bg2 Bg4 4.h3 Bf5 5.O-O Qd7 6.Kh2 e5 7.d3 O-O-O 8.Nbd2 e4
9.Nh4 exd3 10.cxd3 Be6 11.f4 f5 12.a3 Be7 13.Nhf3 Bf6 14.Nb3 Qd6 15.d4 Kb8
16.Ne5 Nh6 17.Qc2 Rhg8 18.Bd2 Bc8 19.Rac1 Bxe5 20.dxe5 Qd7 21.Qd3 Qf7 22.Rc5 Ne7
23.Rfc1 c6 24.Nd4 Be6 25.b4 Rc8 26.a4 Rgd8 27.b5 cxb5 28.Rxb5 Rxc1 29.Bxc1 Rc8
30.Ba3 Nhg8 31.Qb3 b6 32.Rxb6+ axb6 33.Qxb6+ Ka8 34.Qa6+  1-0

[Event "Municipality Cup"]
[Site "Tbilisi GEO"]
[Date "2010.05.16"]
[Round "2"]
[White "Gavasheli,A"]
[Black "Supatashvili,K"]
[Result "0-1"]
[WhiteElo "2179"]
[BlackElo "2461"]

1.Nf3 d5 2.g3 c6 3.Bg2 Nf6 4.O-O Bg4 5.d3 Nbd7 6.Nbd2 e5 7.e4 Bd6 8.h3 Bh5
9.Re1 O-O 10.exd5 cxd5 11.c4 Nc5 12.g4 Bg6 13.Nxe5 Bxe5 14.Rxe5 Nxd3 15.Re3 Nb4
16.Rc3 d4 17.Rg3 Nc2 18.Rb1 Re8 19.Kh2 Re1 20.Qf3 Nb4 21.Ra1 Nd3 22.Qxb7 Rb8
23.Qxa7 Rxc1 24.Rxc1 Nxc1 25.Ra3 Qd6+ 26.Kh1 Re8 27.c5 Qf4 28.Nf3 Ne2 29.g5 Ne4  0-1

[Event "46th Capablanca Memorial Open A"]
[Site "Havana CUB"]
[Date "2010.05.17"]
[Round "6.17"]
[White "Boada,W"]
[Black "Alarcon Casellas,Rol"]
[Result "0-1"]
[WhiteElo "2214"]
[BlackElo "2448"]

1.Nf3 d5 2.g3 Nf6 3.Bg2 c6 4.O-O Bf5 5.d3 h6 6.b3 e6 7.Bb2 Be7 8.Nbd2 O-O
9.Qe1 a5 10.e4 Bh7 11.a3 Na6 12.Ne5 Nc5 13.f4 dxe4 14.dxe4 Na4 15.bxa4 Qb6+
16.Kh1 Qxb2 17.Qb1 Bxa3 18.Qd1 Bb4 19.Ndc4 Qc3 20.Rf3 Nxe4 21.Qg1 Qxc2 22.Rc1 Qe2
23.Bf1 Qa2 24.Nd3 Rad8 25.Nxb4 axb4 26.a5 Nc3  0-1

[Event "46th Capablanca Memorial Open A"]
[Site "Havana CUB"]
[Date "2010.05.17"]
[Round "6.2"]
[White "Bacallao Alonso,Y"]
[Black "Quesada Vera,L"]
[Result "1/2-1/2"]
[WhiteElo "2530"]
[BlackElo "2438"]

1.Nf3 d5 2.g3 Bg4 3.Bg2 c6 4.O-O Nd7 5.c4 e6 6.cxd5 exd5 7.d3 Ngf6 8.Nc3 Be7
9.Rb1 O-O 10.b4 Re8 11.b5 Bc5 12.bxc6 bxc6 13.Na4 Bb6 14.Ba3 Ne5 15.Rc1 Rc8
16.Nc5 Bxc5 17.Bxc5 Nxf3+ 18.exf3 Bf5 19.Qd2 Nd7 20.Ba3 Ne5 21.f4 Nd7 22.h3 h5
23.Bb2 c5 24.Qd1 d4 25.Qxh5 Bxd3 26.Bd5 Ne5 27.Bb3 Bg6 28.Qd1 Nd3 29.Qg4 Nxb2
30.Qxg6 c4 31.Qc2 c3 32.Qf5 Qf6 33.Qd7 d3 34.Rxc3 Rcd8 35.Qc7 d2 36.Rc6 Qe7
37.Qa5 d1=Q 38.Bxd1 Rxd1 39.Rxd1 Nxd1 40.Rc2 Qe1+ 41.Qxe1 Rxe1+ 42.Kg2 Re7
43.Kf3 Rb7 44.Ke4 Nb2 45.h4 Na4 46.f5 Re7+ 47.Kf4 Nb6 48.g4 f6 49.Rc5 Kf8
50.g5 Rc7 51.Rxc7 Nd5+ 52.Ke4 Nxc7 53.gxf6 gxf6 54.Kd4 Ne8 55.Kc5 Ng7 56.Kb5 Nxf5
57.Ka6 Nxh4 58.Kxa7 Ke7 59.a4 Nf5 60.a5 Nd6 61.a6 Nc8+ 62.Kb7 Kd7 63.Kb8 f5
64.Kb7 f4 65.f3  1/2-1/2

[Event "ch-USA"]
[Site "Saint Louis USA"]
[Date "2010.05.17"]
[Round "4"]
[White "Altounian,L"]
[Black "Bhat,V"]
[Result "1/2-1/2"]
[WhiteElo "2454"]
[BlackElo "2547"]

1.Nf3 d5 2.g3 Nf6 3.Bg2 c6 4.O-O Bf5 5.d3 e6 6.c4 Nbd7 7.Be3 Bd6 8.Qb3 Qb8
9.cxd5 exd5 10.Nc3 O-O 11.Bd4 Re8 12.Nh4 Be6 13.Rac1 b6 14.Qc2 Qb7 15.e4 Rad8
16.exd5 Nxd5 17.Nxd5 cxd5 18.Qd2 Qa6 19.Rfd1 h6 20.b3 Bg4 21.Nf3 Nf8 22.h3 Bf5
23.Ba1 Ne6 24.Nd4 Nxd4 25.Bxd4 Qb5 26.Qb2 Bf8 27.a4 Qd7 28.g4 Bg6 29.Qd2 Qd6
30.Re1 Rxe1+ 31.Rxe1 Qa3 32.Qc2 Qb4 33.Bc3 Qc5 34.b4 Qd6 35.Qb3 Bxd3 36.Bxg7 Qxb4
37.Qxb4 Bxb4 38.Re3 Kxg7 39.Rxd3 d4 40.Bf1 Bc3 41.Rf3 Re8 42.Kg2 Re1 43.h4 Bb4
44.Rf5 Re7 45.Rd5 Bc3 46.Bb5 Rc7 47.f4 Be1 48.h5 Rc2+ 49.Kf1 Bf2 50.Rd7 Be3
51.Ke1 Kf6 52.Bd3 Rc3 53.Ke2 Bxf4 54.Rxd4 Be5 55.Rd7 a5 56.Rb7 Bd4 57.Bb5 Kg5
58.Bd7 Re3+ 59.Kd2 Re7 60.Kd3 Bc5 61.Kc4 Re4+ 62.Kd5 Rd4+ 63.Ke5 f6+ 64.Ke6 Re4+
65.Kd5 Kf4 66.Bf5 Rxa4 67.Rh7 Rd4+ 68.Kc6 a4 69.Rxh6 a3 70.Rxf6 Kg5 71.Rg6+ Kh4
72.Rg8 Ra4 73.Be6 a2 74.Bxa2 Rxa2 75.h6 Ra7 76.Rg7 Ra8 77.h7 Rh8 78.g5 Bd4
79.Rd7 Kxg5 80.Rxd4 Rxh7  1/2-1/2

[Event "Municipality Cup"]
[Site "Tbilisi GEO"]
[Date "2010.05.18"]
[Round "4"]
[White "Azaladze,S"]
[Black "Arutinian,D"]
[Result "1/2-1/2"]
[WhiteElo "2432"]
[BlackElo "2566"]

1.g3 d5 2.Nf3 c5 3.Bg2 g6 4.O-O Bg7 5.c4 Nf6 6.Nc3 d4 7.Na4 Nfd7 8.b4 cxb4
9.a3 bxa3 10.Bxa3 Nc6 11.d3 O-O 12.Nc5 Nxc5 13.Bxc5 Qc7 14.Qb3 Bd7 15.Qb2 Rfd8
16.Rfb1 b6 17.Ba3 Rab8 18.Qa2 Be8 19.Ne1 e6 20.Nc2 a5 21.Bc1 h6 22.Bd2 Bf8
23.Qb2 e5 24.Qc1 Kh7 25.Rb3 a4 26.Rbb1 Na5 27.Nb4 Bxb4 28.Bxb4 g5 29.Bxa5 bxa5  1/2-1/2

[Event "46th Capablanca Memorial Open A"]
[Site "Havana CUB"]
[Date "2010.05.19"]
[Round "8.1"]
[White "Aguero Jimenez,L"]
[Black "Luther,T"]
[Result "1/2-1/2"]
[WhiteElo "2420"]
[BlackElo "2525"]

1.Nf3 d5 2.g3 Nf6 3.Bg2 Nbd7 4.d4 b5 5.O-O e6 6.b3 Bb7 7.Nbd2 b4 8.Bb2 c5
9.c4 bxc3 10.Bxc3 cxd4 11.Bxd4 Be7 12.Qc1 O-O 13.Qb2 a5 14.a3 Qb8 15.Ne5 Nxe5
16.Bxe5 Qa7 17.Bd4 Qa6 18.Nf3 Rfc8 19.Rfd1 Qc6 20.Rdc1 Qd6 21.Rxc8+ Bxc8
22.Ne5 Ba6 23.Bc3 Bb5 24.a4 Be8 25.Nd3 Qb6 26.Bd4 Qb7 27.Rc1 h6 28.h3 Bd8
29.Qc3 Qe7 30.Qb2 Qb7 31.Kh2 Qe7 32.Ne5 Qb7 33.Nd3 Qe7 34.e3 Qb7 35.Nc5 Qe7
36.Nd3 Qb7 37.Qc3 Qe7 38.Bc5 Qb7 39.Bd4 Qe7 40.Qb2 Qb7 41.Rc2 Qe7 42.Ne5 Qb7
43.Nc4 Qa6 44.Nd2 Qb7 45.f4 Rc8 46.Rxc8 Qxc8 47.Nf3 Bc6 48.Qc3  1/2-1/2

[Event "4th All China Games Rapid"]
[Site "Hefei CHN"]
[Date "2010.05.19"]
[Round "7"]
[White "Ju Wenjun"]
[Black "Li Wenliang"]
[Result "1-0"]
[WhiteElo "2500"]
[BlackElo "2441"]

1.Nf3 d5 2.g3 Nf6 3.Bg2 c6 4.O-O Bf5 5.d3 h6 6.Nbd2 e6 7.b3 Be7 8.Bb2 O-O
9.Ne5 Nbd7 10.e4 Bh7 11.Nxd7 Qxd7 12.Qe2 Rad8 13.Rad1 b5 14.f4 c5 15.g4 c4
16.dxc4 bxc4 17.g5 hxg5 18.fxg5 Ne8 19.Nxc4 Nc7 20.Ne5 Qe8 21.h4 Bxe4 22.Bxe4 dxe4
23.Qxe4 Rxd1 24.Rxd1 f5 25.Qf3 f4 26.c4 Rf5 27.Kf1 Bc5 28.Rd7 Rxe5 29.Rxc7 Rf5
30.Rxg7+ Kf8 31.Rh7  1-0

[Event "TCh-UKR Clubs"]
[Site "Alushta UKR"]
[Date "2010.05.20"]
[Round "11"]
[White "Jary,S"]
[Black "Lastin,A"]
[Result "1/2-1/2"]
[WhiteElo "2381"]
[BlackElo "2643"]

1.Nf3 d5 2.g3 c6 3.Bg2 Bg4 4.d4 Nd7 5.Nbd2 Ngf6 6.O-O e6 7.c4 Bd6 8.b3 O-O
9.Bb2 Qe7 10.Ne5 Bh5 11.Ndf3 Rfd8 12.Nxd7 Nxd7 13.Qc1 Rac8 14.c5 Bb8 15.Re1 Re8
16.e4 dxe4 17.Rxe4 Nf6 18.Re1 Nd5 19.a3 Rcd8 20.Qg5  1/2-1/2

[Event "TCh-UKR Clubs"]
[Site "Alushta UKR"]
[Date "2010.05.20"]
[Round "11"]
[White "Kusnetsov,Sergey"]
[Black "Voronov,Y"]
[Result "1/2-1/2"]
[WhiteElo "2347"]
[BlackElo "2280"]

1.g3 d5 2.Nf3 c6 3.Bg2 Bg4 4.c4 e6 5.O-O Nf6 6.d3 Be7 7.Be3 Nbd7 8.Qb3 Qc8
9.Nc3 O-O 10.cxd5 exd5 11.Rac1 Be6 12.Nd4 Nc5 13.Qc2 Bh3 14.b4 Bxg2 15.Kxg2 Ne6
16.Qb2 Qd7 17.Nxe6 fxe6 18.Bd4 b6 19.f4 c5 20.bxc5 bxc5 21.Bxf6 Bxf6 22.Qb5 Qxb5
23.Nxb5 Rfc8 24.f5 a6 25.Nc3 c4 26.fxe6 cxd3 27.Nxd5 dxe2 28.Rfe1 Rxc1 29.Rxc1 Re8
30.Nxf6+ gxf6 31.Kf2 Rxe6 32.Re1 Re4 33.Rxe2 Ra4 34.Kg2 Kf7 35.Kf3 Kg6 36.Kg2 Kg5
37.Rc2 Kf5 38.Rf2+ Kg5 39.Rc2 a5 40.Rd2 Kf5 41.Rf2+ Ke5 42.Re2+ Re4  1/2-1/2

[Event "Chladek & Tintera Open"]
[Site "Hradec Kralove CZE"]
[Date "2010.05.20"]
[Round "7"]
[White "Vorobyov,Y"]
[Black "Pavlicek,M"]
[Result "1-0"]
[WhiteElo "2214"]
[BlackElo "2069"]

1.Nf3 d5 2.g3 c6 3.Bg2 g6 4.O-O Bg7 5.d3 Nf6 6.c4 dxc4 7.dxc4 Qxd1 8.Rxd1 Ne4
9.Nd4 Nc5 10.Nc3 e5 11.Nb3 Nxb3 12.axb3 Bf5 13.b4 Be6 14.Ne4 Bf8 15.Nf6+ Ke7
16.Bg5 Bxc4 17.Nd5+ Ke6 18.Nc7+ Kf5 19.h4 Bxe2 20.f3 Bxf3 21.Bxf3 e4 22.Be2 Na6
23.Nxa8 Nxb4 24.Rf1+ Ke6 25.Nc7+  1-0

[Event "III Copa Roggio A"]
[Site "Asuncion PAR"]
[Date "2010.05.22"]
[Round "3"]
[White "Diaz Hollemaert,N"]
[Black "Cubas,Jo"]
[Result "1-0"]
[WhiteElo "2451"]
[BlackElo "2462"]

1.Nf3 d5 2.g3 Nf6 3.Bg2 e6 4.O-O c5 5.d4 Nc6 6.c4 cxd4 7.Nxd4 Qb6 8.Nxc6 bxc6
9.Nc3 Be7 10.cxd5 Nxd5 11.Na4 Qc7 12.b3 O-O 13.Bb2 Rd8 14.Qc2 Ba6 15.Bf3 c5
16.Rac1 Rac8 17.Rfd1 Bg5 18.e3 c4 19.Bxd5 Rxd5 20.Rxd5 exd5 21.Qf5 Qd8 22.Rd1 Bb7
23.e4 cxb3 24.axb3 Qe7 25.h4 Bh6 26.Rxd5 g6 27.Qe5 Qxe5 28.Rxe5 Bf8 29.f3 Bd6
30.Ra5 a6 31.Bd4 Bb4 32.Re5 Bd6 33.Ra5 Rc1+ 34.Kg2 Rc2+ 35.Kg1 Rc1+ 36.Kf2 Rc2+
37.Ke3 Bxg3 38.Nc5 Bc8 39.Nxa6 Rc6 40.Nb4 Rc7 41.Ra8 f5 42.Nd5  1-0

[Event "Chladek & Tintera Open"]
[Site "Hradec Kralove CZE"]
[Date "2010.05.22"]
[Round "9"]
[White "Vorobyov,Y"]
[Black "Karhanek,P"]
[Result "0-1"]
[WhiteElo "2214"]
[BlackElo "2190"]

1.Nf3 d5 2.g3 c6 3.Bg2 Bg4 4.O-O Nd7 5.d3 e6 6.c4 Bd6 7.cxd5 exd5 8.e4 dxe4
9.dxe4 Ne5 10.Nbd2 Nf6 11.h3 Bxf3 12.Nxf3 O-O 13.Nh4 Bc5 14.Qc2 Qb6 15.Kh1 Rfe8
16.f4 Ng6 17.Nf5 Ne7 18.Nh4 Ng6 19.Nxg6 hxg6 20.b3 Rad8 21.Bb2 Bd4 22.Bxd4 Rxd4
23.Rae1 Qb4 24.e5 Rd2 25.Qb1 Nh5 26.Kh2 Qc3 27.Rf3 Qxf3  0-1

[Event "2nd SCS Open"]
[Site "Bhubaneswar IND"]
[Date "2010.05.23"]
[Round "3"]
[White "Vorobiov,E"]
[Black "Himanshu,Sh"]
[Result "1-0"]
[WhiteElo "2612"]
[BlackElo "2440"]

1.Nf3 d5 2.g3 Nd7 3.d4 Ngf6 4.Bg2 g6 5.O-O Bg7 6.c4 c6 7.cxd5 cxd5 8.Nc3 O-O
9.Qb3 e6 10.Bf4 Ne4 11.Nxe4 dxe4 12.Ng5 Qb6 13.Rad1 Bxd4 14.Qxb6 axb6 15.Bd6 Bxb2
16.Bxf8 Kxf8 17.Nxe4 Ke7 18.Nd6 Ba3 19.Nxf7 Ra5 20.Nh6 Nf6 21.Rd3 Bc5 22.Rfd1 Rxa2
23.Rd8 Ra1 24.Rxa1 Kxd8 25.Nf7+ Kc7 26.Ne5 b5 27.Rb1 b6 28.Rxb5 Ba6 29.Rb2 Kd6
30.Nd3 Bxd3 31.Rd2 b5 32.Rxd3+ Ke7 33.Bc6 b4 34.e3 Bd6 35.h3 g5 36.Kg2 h5
37.Ba4 Ne4 38.Bd1 Be5 39.Bxh5 Nc5 40.Rd1 b3 41.Bg6 Na4 42.f4 gxf4 43.exf4 Nc3
44.Re1 Bd4 45.Kf3 Kf6 46.Bd3 b2 47.g4 Nd5 48.g5+ Kf7 49.f5  1-0

[Event "Limburg Open"]
[Site "Maastricht NED"]
[Date "2010.05.23"]
[Round "4"]
[White "Miroshnichenko,E"]
[Black "Gharamian,T"]
[Result "1/2-1/2"]
[WhiteElo "2684"]
[BlackElo "2632"]

1.Nf3 d5 2.g3 Nf6 3.Bg2 e6 4.O-O Be7 5.d3 O-O 6.Nbd2 Nc6 7.e4 dxe4 8.dxe4 e5
9.c3 a5 10.Qe2 Bc5 11.Nc4 Re8 12.b3 Qe7 13.Bb2 b6 14.a3 Ba6 15.b4 Qe6 16.Nfd2 Bf8
17.Rfd1 Red8 18.Bf1 Rd7 19.Qe1 Rad8 20.f3 g6 21.Nxa5 Nxa5 22.Bxa6 b5 23.bxa5 Qxa6
24.Nf1 Rxd1 25.Rxd1 Rxd1 26.Qxd1 Qxa5 27.Kg2 Bxa3 28.Qa1 b4 29.cxb4 Bxb4
30.Qxa5 Bxa5 31.Bxe5 Nd7 32.Bf4 c6 33.Kf2 f6 34.Ke2 Kf7 35.Ne3 Ke6 36.Nc4 Bd8
37.Be3  1/2-1/2

[Event "MGU-6 Open"]
[Site "Sofia BUL"]
[Date "2010.05.23"]
[Round "6"]
[White "Stoev,T"]
[Black "Nikolova,A"]
[Result "1/2-1/2"]
[WhiteElo "1723"]
[BlackElo "2318"]

1.Nf3 d5 2.g3 c5 3.c4 d4 4.b4 cxb4 5.a3 b3 6.Qxb3 Nc6 7.Bg2 g6 8.d3 Bg7 9.O-O Nh6
10.Nbd2 O-O 11.c5 Rb8 12.Nc4 Be6 13.Bf4 Bxc4 14.Qxc4 e5 15.Bg5 Qc7 16.Nd2 Na5
17.Qd5 Kh8 18.Ne4 f6 19.Bxh6 Bxh6 20.Nd6 Rbd8 21.Rab1 b6 22.cxb6 axb6 23.Nb5 Qe7
24.Qa2 Rc8 25.a4 Rb8 26.Qa3 Qf7 27.Qb4 Rfd8 28.Nd6 Qe7 29.Nc4 Qxb4 30.Rxb4 Nxc4
31.Rxc4 Rdc8 32.Rxc8+ Rxc8 33.Rb1 Rc1+ 34.Rxc1 Bxc1 35.Bc6  1/2-1/2

[Event "34th Open"]
[Site "Fourmies FRA"]
[Date "2010.05.24"]
[Round "6"]
[White "Haub,TM"]
[Black "Delorme,Ax"]
[Result "1/2-1/2"]
[WhiteElo "2517"]
[BlackElo "2441"]

1.Nf3 d5 2.g3 c6 3.d3 Bg4 4.Bg2 e6 5.O-O Bd6 6.e4 Ne7 7.Qe1 O-O 8.a3 c5 9.h3 Bh5
10.b4 cxb4 11.axb4 Nbc6 12.c3 Bxf3 13.Bxf3 d4 14.b5 Ne5 15.Be2 dxc3 16.Qxc3 Rc8
17.Qb3 Bc5 18.Ra4 Bd4 19.Qb4 Bc5 20.Qb3 Bd4 21.Qb4 Bc5 22.Qb3  1/2-1/2

[Event "2nd Kahraman Olgac Mem"]
[Site "Instanbul TUR"]
[Date "2010.05.24"]
[Round "2"]
[White "Movsziszian,K"]
[Black "Esen,B"]
[Result "1/2-1/2"]
[WhiteElo "2534"]
[BlackElo "2521"]

1.g3 d5 2.Nf3 c6 3.Bg2 Nf6 4.O-O Bf5 5.d3 h6 6.Qe1 e6 7.Nc3 Be7 8.e4 Bh7
9.Ne5 Nbd7 10.Nxd7 Nxd7 11.f4  1/2-1/2

[Event "83rd ch-StP"]
[Site "St Petersburg RUS"]
[Date "2010.05.24"]
[Round "8"]
[White "Romanov,E"]
[Black "Matlakov,M"]
[Result "1/2-1/2"]
[WhiteElo "2594"]
[BlackElo "2604"]

1.Nf3 d5 2.g3 Nf6 3.Bg2 c6 4.c4 g6 5.O-O Bg7 6.d4 O-O 7.Qb3 Qb6 8.Nc3 Be6
9.c5 Qxb3 10.axb3 Nbd7 11.b4 a6 12.h3 h6 13.Nd2 b6 14.Nb3 Bf5 15.cxb6 Nxb6
16.g4 Be4 17.Nxe4 Nxe4 18.Bf4 Nd6 19.Na5 Bxd4 20.Nxc6 Bf6 21.Bxh6 Rfc8 22.g5 Rxc6
23.gxf6 e6 24.Be3 Nd7 25.Rfc1 Rac8 26.Rxc6 Rxc6 27.Bg5 Rb6 28.Be3  1/2-1/2

[Event "III Copa Roggio A"]
[Site "Asuncion PAR"]
[Date "2010.05.25"]
[Round "5"]
[White "Morovic Fernandez,I"]
[Black "Kropff,R"]
[Result "1-0"]
[WhiteElo "2552"]
[BlackElo "2300"]

1.Nf3 d5 2.g3 c6 3.Bg2 Bg4 4.O-O Nd7 5.d4 Ngf6 6.Nbd2 e6 7.c3 Be7 8.Re1 O-O
9.e4 dxe4 10.Nxe4 Nxe4 11.Rxe4 Bf5 12.Re1 h6 13.Bf4 Nf6 14.Qb3 Qc8 15.Ne5 Rd8
16.Rad1 Bd6 17.h3 Qc7 18.Bc1 Nd5 19.c4 Nf6 20.a3 Rab8 21.Qc3 c5 22.d5 exd5
23.cxd5 Be4 24.Nxf7 Bxg2 25.Nxd8 Bxd5 26.Rxd5 Nxd5 27.Re8+ Bf8 28.Qf3 Qd6
29.Qf7+ Kh7 30.Rxf8 Rxd8 31.Qg8+  1-0

[Event "III Copa Roggio A"]
[Site "Asuncion PAR"]
[Date "2010.05.25"]
[Round "5"]
[White "Bachmann,Ax"]
[Black "Cubas,Jo"]
[Result "0-1"]
[WhiteElo "2563"]
[BlackElo "2462"]

1.Nf3 d5 2.g3 Nf6 3.Bg2 c6 4.O-O Bf5 5.c4 e6 6.cxd5 exd5 7.d3 Be7 8.Qc2 h6
9.Nc3 O-O 10.e4 Bh7 11.Qe2 Re8 12.e5 Bf8 13.d4 Ne4 14.Nd2 Nxc3 15.bxc3 Qa5
16.Qe3 Nd7 17.f4 f6 18.Kh1 fxe5 19.fxe5 Be7 20.Nf3 Nb6 21.Bd2 Rf8 22.Qe2 Nc4
23.Kg1 Qa3 24.Rf2 Qb2 25.Rc1 Qxa2 26.Qe1 Qb3 27.Bf4 a5 28.Nd2 Nxd2 29.Qxd2 g5
30.Be3 Rxf2 31.Qxf2 a4 32.Bh3 Rf8 33.Qe2 a3 34.Rf1 Rxf1+ 35.Qxf1 a2 36.Be6+ Kh8
37.Qf7 a1=Q+ 38.Kg2 Qc2+ 39.Kh3 Qg6  0-1

[Event "2nd SCS Open"]
[Site "Bhubaneswar IND"]
[Date "2010.05.25"]
[Round "6"]
[White "Kokarev,Dm"]
[Black "Satyapragyan,S"]
[Result "1-0"]
[WhiteElo "2612"]
[BlackElo "2463"]

1.g3 d5 2.Nf3 Nf6 3.Bg2 e6 4.O-O Be7 5.d3 O-O 6.Nbd2 Nc6 7.e4 dxe4 8.dxe4 e5
9.c3 h6 10.Qe2 b6 11.b4 Bd6 12.Nc4 Qe8 13.Rd1 Ba6 14.a4 Bxc4 15.Qxc4 a5 16.Bd2 Nd8
17.Nh4 Ne6 18.b5 Bc5 19.Bh3 Kh8 20.Nf5 Rd8 21.Qe2 Rd7 22.Nh4 Qe7 23.Nf3 Rfd8
24.Kf1 Rd3 25.Nxe5 Rxd2 26.Rxd2 Rxd2 27.Qxd2 Ng5 28.Bf5 Qxe5 29.f4 Nf3 30.Qd8+ Qe8
31.Rd1 Kg8 32.e5 Bf8 33.Qxe8  1-0

[Event "XXIX Open A"]
[Site "Zalakaros HUN"]
[Date "2010.05.26"]
[Round "1"]
[White "Tompa,J"]
[Black "Hrbolka,L sr"]
[Result "1/2-1/2"]
[WhiteElo "2387"]
[BlackElo "2135"]

1.Nf3 d5 2.g3 Nf6 3.c4 c6 4.b3 g6 5.Bg2 Bg7 6.Bb2 O-O 7.Qc2 Na6 8.a3 Bf5
9.d3 dxc4 10.Qxc4 Qb6 11.Qc2 Ng4 12.O-O Bxb2 13.Qxb2 Nc5 14.Nbd2 Rad8 15.h3 Nf6
16.b4 Na4 17.Qc2 Qb5 18.e4 Be6 19.d4 Nb6 20.a4 Qxb4 21.Rfb1 Qa5 22.Qc5 Qxc5
23.dxc5 Nbd7 24.Rxb7 Nxc5 25.Rxa7 Ra8 26.Rxa8 Rxa8 27.Nd4 Bd7 28.e5 Nd5 29.a5 Kf8
30.N2b3 Nd3 31.f4 e6 32.Bf1 N5b4 33.Rd1 c5 34.Bxd3 Nxd3 35.Rxd3 cxd4 36.Rxd4 Bc6
37.Rb4 Bd5 38.Kf2  1/2-1/2

[Event "XXIX Open A"]
[Site "Zalakaros HUN"]
[Date "2010.05.26"]
[Round "1"]
[White "Berczes,C"]
[Black "Marton,J"]
[Result "1-0"]
[WhiteElo "2397"]
[BlackElo "2154"]

1.Nf3 d5 2.g3 Nf6 3.Bg2 e6 4.c4 Be7 5.O-O O-O 6.b3 b6 7.Bb2 Bb7 8.e3 Na6
9.Nc3 Nc5 10.d4 Nce4 11.cxd5 Nxc3 12.Bxc3 Bxd5 13.Ne5 Bd6 14.f3 Nd7 15.Nc4 Be7
16.e4 Bxc4 17.bxc4 c5 18.d5 Bf6 19.Qe1 Bd4+ 20.Kh1 Ne5 21.Rd1 Nxc4 22.Bxd4 cxd4
23.Rxd4 Rc8 24.e5 exd5 25.f4 Rc5 26.Qe2 b5 27.f5 f6 28.e6 Qd6 29.Rfd1 Nb6
30.Rh4 h6 31.Rhd4 Rfc8 32.Qh5 R8c7 33.Qe8+ Kh7 34.Bf3 Re7 35.Qg6+ Kh8 36.Re1 Rc4
37.Rdd1 Rc3 38.Bh5 d4 39.Qg4 d3 40.Qf3 Rec7 41.Re3 Kg8 42.Rexd3 Rxd3 43.Rxd3 Rc1+
44.Kg2 Qc7 45.Kh3 Kf8 46.Qg4 Qe7 47.Qg6 Kg8 48.Qf7+  1-0

[Event "III Copa Roggio C"]
[Site "Asuncion PAR"]
[Date "2010.05.27"]
[Round "7"]
[White "Ippolitti,H"]
[Black "Genta,A"]
[Result "0-1"]
[WhiteElo "2090"]
[BlackElo "2106"]

1.Nf3 d5 2.g3 Nf6 3.Bg2 c5 4.O-O Nc6 5.c4 e5 6.cxd5 Nxd5 7.Nc3 Nc7 8.d3 Be7
9.Be3 O-O 10.Nd2 Nd4 11.Nc4 f6 12.f4 exf4 13.Bxf4 Nce6 14.Qd2 Nxf4 15.gxf4 Rb8
16.e3 Nf5 17.a4 Be6 18.Qe2 Nh4 19.Rad1 Qd7 20.Be4 Bg4 21.Qf2 Bxd1 22.Rxd1 Nf5
23.Rd2 Nd6 24.Qh4 Nxe4 25.dxe4 Qe6 26.Rd5 Rbd8 27.f5 Qa6 28.b3 Rfe8 29.Qf4 Qc6
30.Qf3 b6 31.e5 fxe5 32.Nxe5 Qh6 33.Ng4 Qh4 34.Kg2 Kh8 35.Ne5 Rf8 36.Rxd8 Bxd8
37.Qd5 Qg5+ 38.Kf2 Rxf5+ 39.Ke2 Rxe5  0-1

[Event "4th ACP World Rapid Cup"]
[Site "Odessa UKR"]
[Date "2010.05.27"]
[Round "1.2"]
[White "Inarkiev,E"]
[Black "Jakovenko,D"]
[Result "0-1"]
[WhiteElo "2669"]
[BlackElo "2725"]

1.Nf3 d5 2.g3 Bg4 3.Bg2 Nd7 4.c4 e6 5.cxd5 exd5 6.Qb3 Nc5 7.Qe3+ Be7 8.d4 Ne4
9.Ne5 Bc8 10.Nc3 Nxc3 11.bxc3 Nf6 12.Ba3 Be6 13.c4 c5 14.Bxc5 Bxc5 15.dxc5 Qa5+
16.Qd2 Qxc5 17.cxd5 Bxd5 18.Rc1 Qd6 19.Nc4 Qe6 20.Bxd5 Nxd5 21.Rd1 Rc8 22.Na5 Nc3
23.Rc1 Qe5 24.Nxb7 O-O 25.f4 Qe4 26.Rf1 Nxe2 27.Rxc8 Nd4+ 28.Kf2 Qf3+ 29.Ke1 Qe4+
30.Kf2 Qf3+ 31.Ke1 Qe4+ 32.Kf2 Qf3+ 33.Kg1 Ne2+ 34.Qxe2 Qxe2 35.Rxf8+ Kxf8
36.Nd6 Qd3 37.Nc8 Qd4+ 38.Rf2 Qc5  0-1

[Event "83rd ch-StP"]
[Site "St Petersburg RUS"]
[Date "2010.05.27"]
[Round "11"]
[White "Romanov,E"]
[Black "Ivanov,Sergey1"]
[Result "1-0"]
[WhiteElo "2594"]
[BlackElo "2542"]

1.Nf3 d5 2.g3 g6 3.Bg2 Bg7 4.c4 d4 5.O-O e5 6.d3 Ne7 7.b4 O-O 8.Nbd2 a5 9.b5 c5
10.bxc6 Nexc6 11.Rb1 Na6 12.Ne1 Re8 13.Nc2 Nab4 14.Rb2 Bf8 15.a3 Na6 16.Rb1 Nc5
17.Ne4 Ne6 18.Rb5 Nc7 19.Bg5 Be7 20.Bxe7 Qxe7 21.Rb6 Ne6 22.e3 f5 23.Nd2 dxe3
24.Nxe3 Qxa3 25.Rxc6 bxc6 26.Bxc6 Ba6 27.Nd5 Kg7 28.Qa1 Qxa1 29.Rxa1 Rec8
30.Bxa8 Rxa8 31.Rxa5 Bb7 32.Rxa8 Bxa8 33.Nf3 e4 34.dxe4 fxe4 35.Nd2 Nc5 36.Kf1 g5
37.Ke2 Kg6 38.Ke3 Kf5 39.Nc7 Bb7 40.Kd4 Nd7 41.h3 h5 42.Ne8 e3 43.fxe3 Bg2
44.e4+ Ke6 45.h4 gxh4 46.gxh4 Nf8 47.Ng7+ Kf7 48.Nxh5 Ng6 49.c5 Nxh4 50.Nf4 Bh1
51.c6 Ke7 52.Ke5 Kd8 53.Kd6 Bxe4 54.Nxe4 Nf5+ 55.Kc5 Ne7 56.Ne6+ Kc8 57.Nd6+ Kb8
58.c7+ Ka7 59.Nd4  1-0

[Event "III Copa Roggio B"]
[Site "Asuncion PAR"]
[Date "2010.05.28"]
[Round "8"]
[White "Almiron,A"]
[Black "Soppe,G"]
[Result "0-1"]
[WhiteElo "2171"]
[BlackElo "2429"]

1.Nf3 d5 2.g3 c6 3.Bg2 Bg4 4.O-O Nd7 5.d3 e6 6.Nbd2 Bd6 7.e4 Ne7 8.h3 Bh5
9.Qe1 O-O 10.Nh2 e5 11.b3 Bb4 12.Bb2 Qa5 13.Bc1 Bc3 14.g4 Bg6 15.Rb1 Qxa2
16.Qd1 dxe4 17.dxe4 Rad8 18.Qf3 Bxd2 19.Bxd2 Qxc2 20.Bb4 c5 21.Rbc1 Qxe4
22.Qxe4 Bxe4 23.Bxe4 cxb4 24.Bxb7 Nb6 25.Nf3 Rd7 26.Be4 f6 27.Rc5 Rfd8 28.Rb5 Ned5
29.Bf5 Rd6 30.Ra1 g6 31.Bc2 Rc8 32.Ne1 Rc7 33.Rba5 Rdd7 34.Bd3 Nf4 35.Bf1 Kg7
36.g5 fxg5 37.Nf3 h6 38.Nxe5 Re7 39.Nd3 Nbd5 40.Nb2 Nc3 41.Nc4 Nce2+ 42.Kh2 Nd4
43.Nd2 Nc6 44.Ra6 Ne5 45.R1a4 Ned3 46.Kg1 Nc5  0-1

[Event "2nd Kahraman Olgac Mem"]
[Site "Instanbul TUR"]
[Date "2010.05.28"]
[Round "10"]
[White "Movsziszian,K"]
[Black "Firat,B"]
[Result "1/2-1/2"]
[WhiteElo "2534"]
[BlackElo "2403"]

1.g3 d5 2.Nf3 Nf6 3.Bg2 c6 4.O-O Bf5 5.d3 h6 6.Nbd2 e6 7.Qe1 Be7 8.e4 Bh7
9.Ne5 Nbd7 10.Nxd7 Nxd7  1/2-1/2